000
00278nam a2200109Ia 4500
001
1272306
005
20260417151426.0
008
260417s9999 xx 000 0 und d
020
_a
9786256698154
245
0
_a
Kardeşim Gelmeden Önce
_c
Sonja Danowski
260
_b
Ketebe Çocuk
999
_c
1272306
_d
1272306